00977cam a2200277 i 45000010009000000050017000090060019000260070015000450080041000600100017001010200030001180200025001480200018001730400028001910420008002190500021002270820015002482450101002632500020003643000023003845000028004075000020004356500045004557000057005007760142005572075518620240812153944.0m |o d | cr_|||||||||||181126t20192019nju o 001 0 eng  a 2018056367 a9781119438458 (Adobe PDF) a9781119438441 (ePub) z9781119438403 aDLCbengerdacDLCdDLC apcc00aGN 502 .C75 201900a155.8222300aCross-cultural psychology :bcontemporary themes and perspectives /cedited by Kenneth D. Keith. aSecond Edition. a1 online resource. aPrevious edition: 2011. aIncludes index. 0aEthnopsychologyvCross-cultural studies.1 aKeith, Kenneth D.q(Kenneth Dwight),d1946-eeditor.08iPrint version:tCross-cultural psychologybSecond Edition.dHoboken, New Jersey : Wiley-Blackwell, 2019z9781119438403w(DLC) 2018055955